Catálogo
 En Linea

Hitler : (Registro nro. 25057)

Detalles MARC
000 -CABECERA
campo de control de longitud fija 01074nam a2200301 a 4500
001 - NÚMERO DE CONTROL
campo de control 000025565
005 - FECHA Y HORA DE LA ÚLTIMA TRANSACCIÓN
campo de control 20250612105738.0
008 - DATOS DE LONGITUD FIJA--INFORMACIÓN GENERAL
campo de control de longitud fija 110216s1964 sp r 000 | spa d
040 ## - FUENTE DE LA CATALOGACIÓN
Centro catalogador/agencia de origen DO-SdBNP
Lengua de catalogación spa
Centro/agencia transcriptor BNPHU
041 ## - CÓDIGO DE LENGUA
Código de lengua del texto/banda sonora o título independiente spa
Código de lengua original eng
Fuente del código Código de idioma MARC
082 ## - NÚMERO DE LA CLASIFICACIÓN DECIMAL DEWEY
Número de clasificación 923.143
Número de documento/Ítem H675B, 1964
049 ## - FONDOS LOCALES (OCLC)
Fondos de biblioteca BNGR
100 1# - ENTRADA PRINCIPAL--NOMBRE DE PERSONA
Nombre de persona Bullock, Alan ,
9 (RLIN) 52239
240 #0 - TÍTULO UNIFORME
Título uniforme Hitler: a study in tyranny.
Lenguaje de la obra Español
245 10 - MENCIÓN DE TÍTULO
Título Hitler :
Resto del título estudio de una tirania /
Mención de responsabilidad, etc. Alan Bullock ; version al español por Emma Ladd de Saro ... [et al.].
250 ## - MENCIÓN DE EDICIÓN
Mención de edición 3a ed. corr. y aum.
260 ## - PUBLICACIÓN, DISTRIBUCIÓN, ETC.
Lugar de publicación, distribución, etc. Barcelona :
Nombre del editor, distribuidor, etc. Gandesa,
Fecha de publicación, distribución, etc. 1964.
300 ## - DESCRIPCIÓN FÍSICA
Extensión 2 v. :
Otras características físicas il. ;
Dimensiones 22 cm.
500 ## - NOTA GENERAL
Nota general La biblioteca posee el tomo 1
534 ## - NOTA SOBRE LA VERSIÓN ORIGINAL
Encabezamiento principal del original Título original :
Mención de título del original Hitler: a study in tyranny.
600 #4 - PUNTO DE ACCESO ADICIONAL DE MATERIA--NOMBRE DE PERSONA
Nombre de persona HITLER, ADOLFO,
Fechas asociadas al nombre 1889-1945
9 (RLIN) 52240
650 #4 - PUNTO DE ACCESO ADICIONAL DE MATERIA--TÉRMINO DE MATERIA
Término de materia o nombre geográfico como elemento de entrada Estadístas alemanes
Subdivisión general Biografías
9 (RLIN) 52241
650 #0 - PUNTO DE ACCESO ADICIONAL DE MATERIA--TÉRMINO DE MATERIA
Término de materia o nombre geográfico como elemento de entrada Guerra Mundial, 1939-1945
9 (RLIN) 13822
700 1# - PUNTO DE ACCESO ADICIONAL--NOMBRE DE PERSONA
Nombre de persona Ladd de Saro, Emma,
9 (RLIN) 52242
700 1# - PUNTO DE ACCESO ADICIONAL--NOMBRE DE PERSONA
Nombre de persona Luelmo , Julio,
9 (RLIN) 52243
700 1# - PUNTO DE ACCESO ADICIONAL--NOMBRE DE PERSONA
Nombre de persona Lázaro Ros, Amando,
9 (RLIN) 52244
700 1# - PUNTO DE ACCESO ADICIONAL--NOMBRE DE PERSONA
Nombre de persona Vergara , Andrés ,
9 (RLIN) 52245
Existencias
Estado de retiro Estado de pérdida Restricciones de uso No para préstamo Código de colección Localización permanente Ubicación/localización actual Ubicación en estantería Fecha de adquisición Número de inventario Total de préstamos Signatura topográfica completa Código de barras Fecha visto por última vez Precio válido a partir de Tipo de ítem Koha
      Excluido de préstamo Monografías: Libros y Folletos General General En catalogación 17.02.2011 LF1   923.143 H675B, 1964 25565-10 25.06.2020 25.06.2020 No se presta

Con tecnología Koha